| 000 | 00919nam a22002537a 4500 | ||
|---|---|---|---|
| 005 | 20090604135219.0 | ||
| 008 | 090604t xxu||||| |||| 00| 0 eng d | ||
| 010 | _aENG-93871 | ||
| 020 |
_a9788178001934 _c270.00 |
||
| 035 | _aEN-77404 | ||
| 037 | _bDBAD / PUB | ||
| 040 |
_adpl _bEnglish |
||
| 082 | _a621.3192 | ||
| 100 | _aJagan, N.C. | ||
| 245 |
_aNetwork analysis / _cby N.C. Jagan [and] C. Lakshminarayana |
||
| 250 | _a2nd ed. | ||
| 260 |
_aHyderabad _bBS Publications _c2008 |
||
| 270 |
_a4-4-3-9, Giriraj Lane, Sultan Bazar, _bHyderabad _e500095 |
||
| 300 |
_axiv, 697p. _c25cm(pbk) |
||
| 650 | _aElectric network analysis | ||
| 700 | _aLakshminarayana, C. | ||
| 942 |
_2ddc _cEN _h621.3192 _mJAG |
||
| 999 |
_c27217 _d27217 |
||